000
00285nam a2200121Ia 4500
005
20260326235450.0
008
260326s9999||||xx |||||||||||||| ||und||
100
_a
Goad, Philip
245
0
_a
Troppo Architects /
_c
Philip Goad
260
_b
Periplus
650
_a
ARQUITECTOS
942
_c
BK
999
_c
7712
_d
7712